000 00642nam a2200241 i 4500
001 C2-0295145
003 PPAK
005 20180728030754.0
008 090323s2008 nyua|||| ||||| | eng d
020 _a9780061251306
040 _aPPAK
_beng
_cPPAK
_erda
082 0 4 _a658.4092
_223
090 0 0 _a658.4092
_bLOG
_dR
100 1 _aLogan, Dave,
_eauthor
245 1 0 _aTribal leadership
264 1 _aNew York :
_bHarperCollins ,
_c2008
300 _axv, 297 pages :
_billustrations ;
_c24 cm
336 _2rdacontent
_atext
337 _2rdamedia
_aunmediated
338 _2rdacarrier
_avolume
650 1 0 _aLeadership
942 _ddc
_cB
999 _c99725
_d99725